000 00940nam a22002297a 4500
999 _c65893
_d65893
005 20240530110848.0
008 200912s2020 ua a f b 000 0dara d
017 _a2019/15908
_bمصر. دار الكتب
020 _a9789774388090
040 _aEG-CaGPL
_cEG-CaGPL
082 0 4 _221
_a953.07393\
_bس ن
100 0 _aسجى مشعل رشيد الطائى
245 1 2 _aالنساء الايوبيات ودورهن الحضارى فى بلاد الشام فى العصر الايوبى /
_cسجى مشعل رشيد الطائى
250 _aط.1
260 _aالقاهرة :
_bالمكتب الجامعى الحديث ،
_c2020
300 _a156 ص. ؛
_c24 سم.
504 _aيشتمل على ارجاعات ببليوجرافية
650 0 7 _aالنساء
_2qrmak
_xالحياة الاجتماعية
_yالعصر الايوبى
651 _2qrmak
942 _2ddc
_cBK